Legacies ( spin off originals) cw Network Cast - Statistics

General Stats
  • This quiz has been taken 172 times
    66 since last reset
  • The average score is 7 of 10
Answer Stats
actor character % Correct
Kaylee Bryant Josie Saltzman
94%
jenny Boyd Lizzie Saltzman
94%
Danielle Russell Hope Mikaelson
92%
Matt Davis Alaric Saltzman
90%
Quincy Fouse MG
72%
Aria Shahghasemi Landon Kirby
70%
Steven R. McQueen Jeremy Gilbert
62%
Riley Voelkel Freya Mikaelson
60%
Zach Roerig Matt Donovan
58%
Karen David Emma Tig
30%
No matching quizzes found
Score Distribution
Percent of People with Each Score
Percentile by Number Answered
Your Score History
You have not taken this quiz since the last reset